| 000 | 00000cam 2200000zi 4500 |
| 001 | 9.933051 |
| 003 | CaOODSP |
| 005 | 20251215112214 |
| 006 | m o d f |
| 007 | cr mn||||||||| |
| 008 | 240129e201409 quca o f000 0 fre d |
| 040 | |aCaOODSP|bfre|erda|cCaOODSP |
| 043 | |an-cn--- |
| 045 | |ay1y1 |
| 086 | 1 |aEn4-631/2014F-PDF |
| 245 | 00|aRevue de la prestation de services de technologie de l'information / |cDirection générale de la vérification et de l'évaluation. |
| 264 | 1|a[Gatineau, Québec] : |bEnvironnement Canada = Environment Canada, |cseptembre 2014. |
| 300 | |a1 ressource en ligne (ii, 15 pages) : |billustrations en couleur |
| 336 | |atexte|btxt|2rdacontent/fre |
| 337 | |ainformatique|bc|2rdamedia/fre |
| 338 | |aressource en ligne|bcr|2rdacarrier/fre |
| 500 | |aPublié aussi en anglais sous le titre : Review of information technology service delivery. |
| 520 | |a« Cette revue a été incluse dans le Plan de vérification et d'évaluation axé sur les risques de 2012 d'Environnement Canada, conformément à la recommandation du Comité consultatif externe de vérification et approuvé par le sous-ministre. Les objectifs de cette revue consistaient à évaluer la pertinence de la gouvernance d'Environnement Canada actuelle et prévue quant à sa relation avec Services partagés Canada et le niveau de satisfaction à l'égard des services de technologie de l'information fournis aux secteurs de programme et aux directions générales au sein du Ministère » -- Sommaire, page i. |
| 610 | 16|aCanada. |bEnvironnement Canada|xTechnologie de l'information|xGestion|xAudit. |
| 710 | 1 |aCanada. |bEnvironnement et changement climatique Canada. |bDirection générale de l'audit et de l'évaluation, |eorganisme de publication. |
| 775 | 08|tReview of information technology service delivery / |w(CaOODSP)9.932194 |
| 856 | 40|qPDF|s657 Ko|uhttps://publications.gc.ca/collections/collection_2024/eccc/en4/En4-631-2014-fra.pdf |
| 856 | 4 |qHTML|sS.O.|uhttps://webarchiveweb.wayback.bac-lac.canada.ca/web/20250529195957/https://www.canada.ca/fr/environnement-changement-climatique/organisation/archives/plans-rapports-audit-interne/prestation-services-technologie-information.html |